La historia del crimen organizado, las mafias y narcotraficantes más conocidos (Registro nro. 430)

Detalles MARC
000 -Cabecera
Campo de control de longitud fija 00964aam a2200361 4500
005 - Fecha y hora de la última transacción
Campo de control 20260303181548.0
008 - Elementos de longitud fija--Información general
Campo de control de longitud fija 150731b2008 xxu||||| |||| 00| 0 spa d
020 ## - International Standard Book Number
Número Internacional Estándar del Libro (ISBN) 9788466217224
041 ## - Idioma
Código de idioma Español
082 ## - Clasificación Decimal Dewey
Número de clasificación 364.106 C392h
100 ## - Entrada principal--Autor personal
Nombre personal Celis Sánchez, Agustín
9 (RLIN) 17575
245 ## - Título propiamente dicho
Título La historia del crimen organizado, las mafias y narcotraficantes más conocidos
260 ## - Pie de imprenta
Lugar de publicación, distribución, etc. España
260 ## - Pie de imprenta
Nombre del editor, distribuidor, etc. LIBSA
260 ## - Pie de imprenta
Fecha de publicación, distribución, etc. 2008
300 ## - Descripción física
Extensión 192 páginas
490 ## - Serie
Título de la Serie Investigación Criminal
650 ## - Materia general
Temática (materia general) CRIMINALIDAD
650 ## - Materia general
Temática (materia general) CRIMEN ORGANIZADO
650 ## - Materia general
Temática (materia general) DELINCUENCIA ORGANIZADA
650 ## - Materia general
Temática (materia general) MAFIAS
650 ## - Materia general
Temática (materia general) MAFIAS DE EUROPA
650 ## - Materia general
Temática (materia general) MAFIA ITALIANA
650 ## - Materia general
Temática (materia general) CRIMINALIDAD ORGANIZADA
650 ## - Materia general
Temática (materia general) HISTORIA
650 ## - Materia general
Temática (materia general) COSA NOSTRA
650 ## - Materia general
Temática (materia general) MAFIAS DE AMÉRICA
650 ## - Materia general
Temática (materia general) MAFIOSOS
650 ## - Materia general
Temática (materia general) CARTELES DE LA DROGA
650 ## - Materia general
Temática (materia general) TRIADAS CHINAS
650 ## - Materia general
Temática (materia general) NARCOTRAFICANTES
942 ## - Punto de acceso adicional KOHA
Tipo de ítem KOHA Libro
Fuente del sistema de clasificación o colocación Dewey Decimal Classification
Existencias
Signatura completa Código de barras Programa Académico Tipo de ítem
364.106 C392h 16517 Investigación Criminal Libro